LEADER 00836nam0-22003131i-450- 001 990003296360403321 005 20001010 010 $a88-481-0742-7 035 $a000329636 035 $aFED01000329636 035 $a(Aleph)000329636FED01 035 $a000329636 100 $a20000920d1998----km-y0itay50------ba 101 0 $aita 105 $ay-------001yy 200 1 $aFare turismo in Italia$fRenato Andreoletti$gMarco Cestari 210 $aMilano$cTecniche nuove$d1998 215 $a81 p. 610 0 $aViaggiare 610 0 $aTerritorio turistico 676 $a046.002 700 1$aAndreoletti,$bRenato$0131040 801 0$aIT$bUNINA$gRICA$2UNIMARC 901 $aBK 912 $a990003296360403321 952 $a046.002.AND$binv.1656$fDECGE 959 $aDECGE 996 $aFare turismo in Italia$9196459 997 $aUNINA LEADER 02586nam 2200505Ia 450 001 9910794904703321 005 20230814235104.0 010 $a1-315-45244-8 010 $a1-315-45245-6 010 $a1-315-45243-X 024 7 $a10.4324/9781315452456 035 $a(CKB)4340000000206447 035 $a(MiAaPQ)EBC5088189 035 $a(OCoLC)1004354884 035 $a(UkLoBP)BP9781315452432DO 035 $a(EXLCZ)994340000000206447 100 $a20230719e20222023 uy 0 101 0 $aeng 135 $aurcnu|||||||| 181 $2rdacontent 182 $2rdamedia 183 $2rdacarrier 200 10$aAerial Dance $eA Guide to Dance with Rope and Harness /$fJenefer Davies 210 1$aWaltham, Massachusetts :$cFocal Press,$d2017. 210 2$aLondon :$cBloomsbury Publishing (UK),$d2023. 215 $a1 online resource (214 pages) 300 $aIncludes index. 311 $a1-138-69899-7 311 $a1-138-69911-X 327 $achapter 1 The Rig -- chapter 2 Floor Barre: The Warm Up -- chapter 3 Wall Barre: Coordination and Balance -- chapter 4 Center Floor: Turns and Inverting -- chapter 5 Across the Floor: Motion and Agility -- chapter 6 Phrases: Traveling Through Space -- chapter 7 Cool Down -- chapter 8 Post-Class -- chapter 9 Wellness -- chapter 10 Caring for Your Students -- chapter 11 Other Essentials -- chapter 12 The Performance -- chapter 13 Philosophies and Advice. 330 $aAerial Dance: A Guide to Dance with Rope and Harness provides an introduction for the beginning aerialist. It covers rigging, equipment, advice on optimal conditioning, and a step-by-step guide to technique, including anatomical references, space and time considerations, and elements of force when working with and against gravity. Specific movements and choreography are framed anatomically and together reflect the pattern and order of an aerial technique class. Challenges inherent to this type of dancing are discussed, as well as wellness instruction and methods of altering these techniques for intermediate and advanced dancing. A companion website hosts video that corresponds with the technique and phrasing in the book. 606 $aAerialists 606 $aDance$xEquipment and supplies 606 $aModern dance 615 0$aAerialists. 615 0$aDance$xEquipment and supplies 615 0$aModern dance 676 $a792.8 700 $aDavies$b Jenefer$01470441 801 0$bUkLoBP 801 1$bUkLoBP 906 $aBOOK 912 $a9910794904703321 996 $aAerial Dance$93682278 997 $aUNINA